| 000 | 01377nam0a2200313 4500 | ||
|---|---|---|---|
| 001 | RU\NLR\BIBL_A\022788206 | ||
| 005 | 20260426073521.0 | ||
| 010 | _92000 | ||
| 035 | _a(NLR Aleph) 022788206 | ||
| 090 |
_a13694723 _c13694723 |
||
| 100 | _a20260417d1981 m y0rusy50 ca | ||
| 101 | 0 | _atyv | |
| 102 | _aRU | ||
| 105 | _aa z 000 y | ||
| 181 | 0 |
_ai _baxxe |
|
| 182 | 0 | _an | |
| 200 | 1 |
_aЧиргилчин _eшүлүктер, тоолдар _fБорис Чюдюк |
|
| 203 |
_aТекст _bвизуальный _cнепосредственный |
||
| 205 | _aЛитературно-художественное издание | ||
| 210 |
_aКызыл _cТываның ном үндүрер чери _d1981 |
||
| 215 |
_a61, [3] с _cил. _d17 |
||
| 330 | _aБ. Б. Чюдюк в своих стихах с глубоким лиризмом воспевает родной край, труд сельских тружеников. В книгу, кроме стихов, включены легенды, написанные по мотивам народных сказок. | ||
| 541 | 1 |
_aМарево _zrus _eстихи и легенды |
|
| 686 | 1 | _aШ6(2=Ту)7 я44 | |
| 700 | 1 |
_aЧюдюк _bБ. Б. _f1925-2001 _gБорис Бааданович _4070 |
|
| 852 |
_aNLR _bОНЛ _jТув./2-1043 |
||
| 942 | _cBOOK | ||
| 980 | _aNB | ||